|
|
|
|
| LEADER |
01772nam a22002777a 4500 |
| 001 |
29944 |
| 003 |
BD-DhAAL |
| 005 |
20241117112017.0 |
| 008 |
150901s1990 bg a|||| |||| 00| 0 eng d |
| 040 |
|
|
|a BD-DhAAL
|c BD-DhAAL
|
| 082 |
|
|
|2 22
|a 307.1412095492
|
| 245 |
|
|
|a Rural Development Programme (RDP) :
|k half yearly report,
|g Jun. 1990.
|
| 264 |
|
|
|a Dhaka :
|b BRAC,
|c 1990.
|
| 300 |
|
|
|a 81 pages :
|b illustrations ;
|c 28 cm.
|
| 541 |
|
|
|e 29944
|a RED,BRAC
|
| 610 |
|
|
|a BRAC
|9 14340
|
| 650 |
|
|
|a Rural development
|z Bangladesh.
|9 14341
|
| 710 |
|
|
|a BRAC
|9 14340
|
| 852 |
|
|
|a Ayesha Abed Library
|c BRAC Resource Section
|
| 942 |
|
|
|2 ddc
|c BK
|
| 999 |
|
|
|c 35504
|d 35504
|
| 952 |
|
|
|0 0
|1 0
|2 ddc
|4 0
|6 307_141209549200000_RUR
|7 1
|8 RPT
|9 55839
|a BRACUL
|b BRACUL
|c BRS
|d 2015-09-10
|e BRAC
|l 1
|o 307.1412095492 RUR
|p 3010029944
|r 2025-12-30
|s 2025-03-24
|t 1
|w 2015-09-10
|y BK
|x BRAC ; price not available in register
|
| 952 |
|
|
|0 0
|1 0
|2 ddc
|4 0
|6 307_141209549200000_RUR
|7 1
|8 RPT
|9 56353
|a BRACUL
|b BRACUL
|c BRS
|d 2015-10-19
|e BRAC
|l 1
|o 307.1412095492 RUR
|p 3010030147
|r 2025-12-30
|s 2025-03-24
|t 2
|w 2015-10-19
|y BK
|x BRAC ; price not available in register
|
| 952 |
|
|
|0 0
|1 0
|2 ddc
|4 0
|6 307_141209549200000_RUR
|7 1
|8 RPT
|9 56355
|a BRACUL
|b BRACUL
|c BRS
|d 2015-10-19
|e BRAC
|l 1
|o 307.1412095492 RUR
|p 3010030150
|r 2025-12-30
|s 2025-03-23
|t 3
|w 2015-10-19
|y BK
|x BRAC ; price not available in register
|
| 952 |
|
|
|0 0
|1 0
|2 ddc
|4 0
|6 307_141209549200000_RUR
|7 1
|8 RPT
|9 56356
|a BRACUL
|b BRACUL
|c BRS
|d 2015-10-19
|e BRAC
|l 0
|o 307.1412095492 RUR
|p 3010030149
|r 2015-10-19
|t 4
|w 2015-10-19
|y BK
|x BRAC ; price not available in register
|
| 952 |
|
|
|0 0
|1 0
|2 ddc
|4 0
|6 307_141209549200000_RUR
|7 1
|8 RPT
|9 56965
|a BRACUL
|b BRACUL
|c BRS
|d 2015-11-18
|e RED,BRAC
|l 1
|o 307.1412095492 RUR
|p 3010030514
|r 2025-12-30
|s 2025-03-24
|t 5
|w 2015-11-18
|y BK
|x RED,BRAC ; price not available in register
|